Name All Twice Title Tracks - Statistics

General Stats
  • This quiz has been taken 90 times
  • The average score is 18 of 21
Answer Stats
Hint Answer % Correct
2016 Cheer Up
97%
2017 Likey
95%
2016 TT
95%
Debut Like Ooh Aah
93%
2017 Signal
93%
2021 The Feels
93%
2018 Dance the Night Away
90%
2020 I Can't Stop Me
90%
2017 Knock Knock
90%
2019 Fancy
87%
2019 Feel Special
87%
2018 What is Love?
87%
2018 Yes or Yes
87%
2017 Heart Shaker
85%
2020 More & More
85%
2023 Set Me Free
85%
2021 Alcohol Free
84%
2021 Scientist
84%
2022 Talk That Talk
84%
2023 Moonlight Sunrise
77%
2020 Cry For Me
64%
No matching quizzes found
Score Distribution
Percent of People with Each Score
Percentile by Number Answered
Your Score History
You have not taken this quiz